000 00290nam a22001337a 4500
003 SGT
082 _a616.24
_bE15M
100 _aMORRISON, ROGER
245 _aTHE ESSENCE OF VARIOUS GROUPS
260 _aINDIA
_bB.JAIN PUB
_c2015
300 _a290
650 _aHOMEOPATHIC
942 _2ddc
_cBK
999 _c20407
_d20407